000 00432nam a2200157 i 4500
001 71735
003 ES-MaACL
005 20230906171220.0
007 t|
008 040817s1924 xxu ||||1| eng d
100 1 _aGettell, Raymond G.
_956535
245 1 0 _aHistory of political thought /
_cby Raymond G. Gettell.
260 _aNew York :
_bThe Century Co,
_c[1924]
300 _aXII, 512 p. ;
_c24 cm.
852 _aES-MaACL
_jF-3269
999 _c71735
_d71735